000 00637nam a22001577a 4500
003 OSt
005 20151002095410.0
008 151002b xxu||||| |||| 00| 0 eng d
040 _cRUA
082 _aAVM កែវ 1989 B065 Or.1
100 _91721
_aកែវ ដារុង
245 _aឥទ្ធិពល នៃមីក្រូសារធាតុ cu, i, zn, mg ទៅលើកំណើនទំងន់ និង​ សន្ទស្សន៍ឈាម របស់កូនជ្រូកក្នុងរយៈពេលបំប៉ន
260 _aPhnom Penh
_bRUA
_c1989
300 _a86p.
_bill.
_c29cm.
942 _2ddc
_cAVM
999 _c1623
_d1623